| 000 | 00910nam a22002057a 4500 | ||
|---|---|---|---|
| 999 |
_c7265 _d7265 |
||
| 003 | AR-CdUCM | ||
| 008 | 190320b ||||| |||| 00| 0 spa d | ||
| 040 |
_aMUNICIPALIDAD PROVINCIAL DEL CUSCO _cBIBLIOTECA MUNICIPAL DEL CUSCO |
||
| 082 |
_a636.089 / _bC91 |
||
| 100 |
_aVinatea Cubas, Rafael _920476 |
||
| 245 |
_aGanado Amazonas : _bUna solucion Peruana / |
||
| 260 |
_aPerú : _bEPSA S.A. , _c1977. |
||
| 300 |
_a304 páginas ; _c24 cm. _bIlustraciones, |
||
| 505 | _aContenido : La Conquista de la Selva -- Repercuciones de la II Guerra Mundial -- En la Estacion Experimental de Tingo Maria -- Los primeros intentos haca un Tipo Lechero -- La IV Convención Agronómica Regional -- El Departamento de Gnadería Tropical... | ||
| 650 |
_aGanaderia Industrial _919970 |
||
| 650 |
_aTecnologia en la Ganaderia _920477 |
||
| 650 |
_aTecnologia de la Reproduccion _920478 |
||
| 942 |
_2ddc _cLIBROS |
||
| 945 | _artm | ||